000 00716nam a22002177a 4500
005 20220328114846.0
008 220328b |||||||| |||| 00| 0 eng d
020 _a9788131521038
_cRs.999.00
040 _aLoreto College
041 _aEnglish
082 _a155.94
_bKLO
100 _aKloos,Bret
245 _aCommunity psychology
_bLinking individuals and communities
_cBret Kloos,Jean Hill,Elizabeth Thomas,Abraham Wandersman,Maurice J.Elias and James H.Dalton
250 _a3rd ed
260 _aDelhi
_bCengage Learning India
_c2019
300 _axxxviii,568p
_b22cm
504 _aIncludes bibliographical references and index
650 _aCommunity psychology
850 _aLCLIB
_bPsySemLib
942 _cBK
999 _c42969
_d93448